| 000 | 00728nam a22002177a 4500 | ||
|---|---|---|---|
| 003 | koha_MIRAKIL | ||
| 005 | 20250114111136.0 | ||
| 008 | 250114b |||||||| |||| 00| 0 ||| d | ||
| 020 | _a9789750805462 | ||
| 040 |
_aTR-IsEVY _btur _cTR-IsEVY |
||
| 082 | _a398.2 KAN/L | ||
| 100 | _aKanık, Orhan Veli | ||
| 245 | 0 |
_aLa Fontaine'in masalları / _cOrhan Veli Kanık ; resimleyen Dağıstan Çetinkaya. |
|
| 250 | _a5. bs. | ||
| 260 |
_aİstanbul : _bYapı Kredi Kültür Sanat Yayıncılık, _c2005. |
||
| 300 |
_a93 s. : _brenkli resimli ; _c21 cm. |
||
| 650 | _aChildren's literature -- Tales. | ||
| 650 |
_aÇocuk edebiyatı -- Masal. _vLa Fontaine. |
||
| 700 | 1 |
_aÇetinkaya, Dağıstan. _cresimleyen. |
|
| 942 |
_2ddc _cBK |
||
| 999 |
_c21398 _d21398 |
||